Thông tin sợi quang

Đã lưu trong:
Sonraí Bibleagrafaíochta
Príomhúdar: Nguyễn Văn Tuấn
Formáid: Leabhar
Teanga:Vietnamese
Foilsithe: Đà Nẵng Nxb.Giáo dục Việt Nam 2010
Ábhair:
Clibeanna: Cuir Clib Leis
Gan Chlibeanna, Bí ar an gcéad duine leis an taifead seo a chlibeáil!
Thư viện lưu trữ: Mạng thư viện Đại học Đà Nẵng
LEADER 00962nam a2200301 4500
001 000013269
003 9609
005 20120313080349.0
008 120313s2010 viesd
020 |c 45000 
041 0 |a vie 
082 |a 621.38275  |b NG-T 
100 0 |a Nguyễn Văn Tuấn 
245 0 |a Thông tin sợi quang  |c Nguyễn Văn Tuấn 
260 |a Đà Nẵng  |b Nxb.Giáo dục Việt Nam  |c 2010 
300 |a 219 tr  |c 24 cm 
653 |a Thông tin sợi quang 
653 |a Vật lí 
OWN |a LSP 
AVA |a UDN50  |b LSP  |d 621.38275 NG-T  |e available  |t Error 5001 Not defined in file expand_doc_bib_avail.  |f 5  |g 0  |h N  |i 0  |k 1 
999 |a From the UDN01 
AVA |a UDN50  |b LSP  |d 621.38275 NG-T  |e available  |t Error 5001 Not defined in file expand_doc_bib_avail.  |f 5  |g 0  |h N  |i 0  |k 1 
TYP |a Monograph 
TYP |a Printed language 
980 |a Mạng thư viện Đại học Đà Nẵng